| 000 | 00537nam a22002417a 4500 | ||
|---|---|---|---|
| 003 | UA-OsUOA | ||
| 001 | 36714 | ||
| 007 | ta | ||
| 008 | 20060210b un ||||| |||| 00| 0 ukr d | ||
| 100 | _aРоєнко В. | ||
| 090 |
_a82-92 _bР58 |
||
| 942 | _cBK | ||
| 040 |
_aUA-OsUOA _bukr _cUA-OsUOA _dUA-OsUOA |
||
| 245 | _aУкраїна або смерть! | ||
| 300 | _a256 с. | ||
| 955 | _a2 | ||
| 041 | _aukr | ||
| 080 | _a82-92 | ||
| 020 | _a966-951-0-1 | ||
| 260 |
_aК. _bДана _c1997 |
||
| 650 | 7 | _2UDC | |
| 999 |
_c322952 _d322952 |
||